Countries with the Smallest Immigrant Population - Statistics

General Stats
  • This quiz has been taken 40 times
  • The average score is 5 of 10
Answer Stats
Rank and
% of the Population
Country % Correct
#8 - 0.19% North Korea
87%
#2 - 0.07% China
70%
#3 - 0.08% Vietnam
57%
#6 - 0.14% Myanmar
53%
#4 - 0.13% Indonesia
43%
#7 - 0.17% Haiti
40%
#1 - 0.04% Cuba
33%
#10 - 0.20% Philippines
33%
#5 - 0.13% Madagascar
20%
#9 - 0.19% Sri Lanka
17%
No matching quizzes found
Score Distribution
Percent of People with Each Score
Percentile by Number Answered
Your Score History
You have not taken this quiz